000 00903nam a2200313 a 4500
001 0000428
003 DO-SdBPM
005 20250812105237.0
007 ta
008 091125s2002 ja a 000 0 spa d
020 _a 0870409123
040 _aDO-SdBPM
_bspa
_cBPMSU
_erda
082 4 _a736.982
_bD658o 2002
_222
100 1 _a Dokuotei, Nakano
_eautor
245 1 0 _a Origami classroom /
_c Dokuotei Nakano
260 _a
_b
_c
264 _aJapón
_b Overseas Distributor,
_c2002
300 _a24 páginas :
_bilustraciones ;
_c12 cm.
_e
336 _atexto
_btxt
_2rdacontent
337 _asin mediación
_bn
_2rdamedia
338 _avolumen
_bnc
_2rdacarrier
500 _a
590 _aInventariado, 2025/VM
650 7 _aOrigami
_x
650 7 _aOrigami
_xTécnicas
650 7 _aTrabajos manuales (Educación)
910 _a VMateo V. Control de calidad. BPMSU
942 _2ddc
_cBK
999 _c15316
_d15316